[Event "PRO League Eastern 2017"]
[Site "chess.com INT"]
[Date "2017.01.11"]
[Round "1"]
[White "Yakhiyayev, Abdikhadir"]
[Black "Gundepudi, Harisurya Bharadwaj"]
[Result "1/2-1/2"]
[WhiteElo "2048"]
[BlackElo "1531"]
[WhiteTeam "Shymkent Nomads"]
[BlackTeam "Amaravati Yodhas"]
[WhiteFideId "13711113"]
[BlackFideId "35040243"]
[EventDate "2017.01.11"]

1. d4 Nf6 2. f4 g6 3. Nf3 Bg7 4. e3 d5 5. Bd3 O-O 6. O-O c5 7. c3 Nc6 8. Bd2 Qb6
9. b3 Bg4 10. Be1 c4 11. Bc2 Rfd8 12. Nbd2 cxb3 13. axb3 Qc7 14. h3 Bd7 15. Rc1
Rac8 16. Bd3 a6 17. Ne5 Be8 18. Bg3 Qb6 19. Kh1 e6 20. Bb1 Nh5 21. Bh2 Nf6 22.
Qe2 Qa7 23. Bg1 Qb8 24. Bh2 Qa8 25. c4 Nb4 26. c5 Bb5 27. Qe1 Nd7 28. Rf2 Nxe5
29. fxe5 Qb8 30. Nf3 Be8 31. Qxb4 Bh6 32. Re1 Bf8 33. Qd2 b6 34. b4 a5 35. bxa5
bxc5 36. dxc5 Bxc5 37. Nd4 Bb4 38. Qd1 Bxe1 39. Qxe1 Qa7 40. Bd3 Rc5 41. a6 Rb8
42. Bg1 Qc7 43. Rc2 Rxc2 44. Nxc2 Rb3 45. Qd1 Qxe5 46. Nd4 Rb8 47. Qa1 Ra8 48.
Qa5 Qb8 49. Bh2 Qb2 50. Bg1 Qb8 51. e4 Bd7 52. exd5 e5 53. Nc6 Qe8 54. Qb6 e4
55. Be2 h5 56. a7 Kh7 57. Qb7 Qc8 58. Ba6 Qe8 59. Qc7 e3 60. Bb7 e2 61. Bf2
e1=Q+ 62. Bxe1 Qxe1+ 63. Kh2 Bxc6 64. Qxf7+ Kh6 65. Qf4+ Kh7 66. Qf7+ Kh6 67.
Qf4+ Kh7 68. Bxa8 Bxa8 69. Qf7+ Kh6 70. Qf8+ Kh7 71. Qxa8 Qe5+ 72. Kg1 Qe1+ 73.
Kh2 Qe5+ 74. Kg1 Qe1+ 75. Kh2 Qe5+ 76. g3 Qe2+ 77. Kg1 Qe1+ 78. Kg2 Qe2+ 79. Kh1
Qf1+ 80. Kh2 Qf2+ 81. Kh1 Qf1+ 82. Kh2 Qf2+ 83. Kh1 Qf1+ 84. Kh2 Qf2+ 85. Kh1
Qf1+ 86. Kh2 Qf2+ 87. Kh1 Qf1+ 1/2-1/2

[Event "PRO League Eastern 2017"]
[Site "chess.com INT"]
[Date "2017.01.11"]
[Round "1"]
[White "Yakhiyayev, Abdikhadir"]
[Black "Murali, Krishna G."]
[Result "1-0"]
[WhiteElo "2048"]
[BlackElo "2068"]
[WhiteTeam "Shymkent Nomads"]
[BlackTeam "Amaravati Yodhas"]
[WhiteFideId "13711113"]
[BlackFideId "5018030"]
[EventDate "2017.01.11"]

1. d4 Nf6 2. f4 c5 3. e3 cxd4 4. exd4 g6 5. Nf3 Bg7 6. Bd3 d6 7. O-O Nc6 8. c3
O-O 9. Re1 Qc7 10. Kh1 Bg4 11. Be3 e5 12. fxe5 dxe5 13. Be2 Rfe8 14. dxe5 Rad8
15. Nd4 Nxe5 16. Nd2 Bxe2 17. Rxe2 Neg4 18. Bg1 Qf4 19. N2f3 Qh6 20. Qc1 Qh5 21.
Qg5 Qxg5 22. Nxg5 h6 23. Ngf3 Ne4 24. Rae1 f5 25. g3 Kf7 26. Kg2 Ngf6 27. a4 a6
28. Be3 Nd5 29. Bc1 Nc5 30. Rxe8 Rxe8 31. Rxe8 Kxe8 32. a5 Kd7 33. Kf2 Nd3+ 34.
Ke2 Nxc1+ 35. Kd2 Nb3+ 36. Nxb3 Kc6 37. Nbd4+ Kc5 38. Kd3 Kd6 39. b4 Ne7 40. c4
Nc6 41. Nxc6 bxc6 42. Nh4 Bb2 43. Nxg6 Ba3 44. Kc3 Bc1 45. Nh4 Ke5 46. Kd3 Ba3
47. Nf3+ Kd6 48. Kc3 Bc1 49. Kd4 Bb2+ 50. Kd3 Ba3 51. Kc3 Bc1 52. Kc2 Be3 53.
Kc3 f4 54. g4 Ke6 55. h4 Kf6 56. b5 cxb5 57. cxb5 axb5 58. Kb4 Ke6 59. Kxb5 Kd5
60. g5 hxg5 61. hxg5 Ke4 62. g6 Kxf3 63. g7 Ke2 64. g8=Q f3 65. Qc4+ Ke1 66.
Qc3+ Ke2 67. Qc2+ Kf1 68. Qd3+ Kf2 69. a6 Ba7 70. Kc4 Kg2 71. Qg6+ Kf1 72. Qf7
f2 73. Qxa7 1-0

[Event "PRO League Eastern 2017"]
[Site "chess.com INT"]
[Date "2017.01.11"]
[Round "1"]
[White "Gupta, Abhijeet"]
[Black "Borisek, Jure"]
[Result "1-0"]
[WhiteTitle "GM"]
[BlackTitle "GM"]
[WhiteElo "2645"]
[BlackElo "2565"]
[WhiteTeam "Delhi Dynamite"]
[BlackTeam "Ljubljana Direwolves"]
[WhiteFideId "5010608"]
[BlackFideId "14603152"]
[EventDate "2017.01.11"]

1. d4 d5 2. Bf4 Nf6 3. e3 c5 4. Nf3 e6 5. Nbd2 Bd6 6. Bg3 O-O 7. c3 b6 8. Bb5
Bb7 9. Ne5 Qc7 10. f4 c4 11. Ba4 Ne4 12. Bc2 f5 13. Bxe4 fxe4 14. Qg4 Qe7 15.
Bh4 Qe8 16. O-O Nd7 17. b3 b5 18. a4 Bxe5 19. fxe5 Rxf1+ 20. Rxf1 cxb3 21. Bf6
Qf7 22. axb5 b2 23. Bh4 Qg6 24. Qxg6 hxg6 25. Rb1 Rc8 26. Rxb2 Rxc3 27. Ra2 Nb6
28. Rxa7 Bc8 29. Bd8 Nc4 30. Nxc4 Rxc4 31. Be7 1-0

[Event "PRO League Eastern 2017"]
[Site "chess.com INT"]
[Date "2017.01.11"]
[Round "1"]
[White "Gupta, Abhijeet"]
[Black "Sebenik, Matej"]
[Result "1/2-1/2"]
[WhiteTitle "GM"]
[BlackTitle "GM"]
[WhiteElo "2645"]
[BlackElo "2534"]
[WhiteTeam "Delhi Dynamite"]
[BlackTeam "Ljubljana Direwolves"]
[WhiteFideId "5010608"]
[BlackFideId "14602296"]
[EventDate "2017.01.11"]

1. d4 e6 2. c4 Bb4+ 3. Nd2 Nf6 4. Nf3 O-O 5. g3 b6 6. Bg2 Bb7 7. O-O d5 8. cxd5
exd5 9. a3 Be7 10. b4 c6 11. Bb2 a5 12. bxa5 Rxa5 13. a4 Nbd7 14. Ne5 Qa8 15.
Bh3 Rd8 16. Qb3 Ra6 17. Rfc1 c5 18. Nxd7 Nxd7 19. dxc5 Nxc5 20. Qe3 Bf8 21. Bd4
Re8 22. Qf3 Rxa4 23. e3 Qa5 24. Rxa4 Qxa4 25. Rb1 Qa5 26. Qd1 Bc8 27. Ra1 Qb4
28. Rb1 Qa5 29. Bf1 Bf5 30. Rb5 Qa7 31. Nb3 Bd7 32. Rb4 Ba4 33. Qa1 Ra8 34. Nd2
Qa5 35. Bc3 Bd7 36. Qb1 h6 37. Rb3 Qa7 38. Rxb6 Na4 39. Rb7 Nxc3 40. Rxa7 Nxb1
41. Rxa8 Nxd2 42. Bd3 Ne4 43. f3 Nf6 44. h4 g6 45. g4 Kg7 46. g5 hxg5 47. hxg5
Nh7 48. f4 Bc5 49. Kf2 Nf8 50. Ra5 Ne6 51. f5 gxf5 52. Bxf5 Be7 53. Rxd5 Bc6 54.
Re5 Bd7 55. Rd5 Bc6 56. Re5 Bd7 57. Rd5 Bc6 1/2-1/2

[Event "PRO League Eastern 2017"]
[Site "chess.com INT"]
[Date "2017.01.11"]
[Round "1"]
[White "Kunte, Abhijit"]
[Black "Nagy, Gabor1"]
[Result "0-1"]
[WhiteTitle "GM"]
[BlackTitle "IM"]
[WhiteElo "2491"]
[BlackElo "2433"]
[WhiteTeam "Mumbai Movers"]
[BlackTeam "Budapest Gambit"]
[WhiteFideId "5002265"]
[BlackFideId "737119"]
[EventDate "2017.01.11"]

1. Nf3 c5 2. g3 Nc6 3. Bg2 g6 4. O-O Bg7 5. e4 e5 6. d3 Nge7 7. c3 O-O 8. a3 a5
9. a4 h6 10. Na3 d6 11. Re1 Be6 12. Nb5 Na7 13. Na3 Qd7 14. d4 exd4 15. cxd4
cxd4 16. Nxd4 Bh3 17. Bh1 Rad8 18. Be3 Nac6 19. Ndb5 Ne5 20. Bb6 Rc8 21. Qxd6
Qxd6 22. Nxd6 Rc6 23. f4 Nd3 24. Red1 Nxb2 25. Bf2 Nxd1 26. Rxd1 Bg4 0-1

[Event "PRO League Eastern 2017"]
[Site "chess.com INT"]
[Date "2017.01.11"]
[Round "1"]
[White "Kunte, Abhijit"]
[Black "Mihok, Oliver"]
[Result "1-0"]
[WhiteTitle "GM"]
[BlackTitle "GM"]
[WhiteElo "2491"]
[BlackElo "2505"]
[WhiteTeam "Mumbai Movers"]
[BlackTeam "Budapest Gambit"]
[WhiteFideId "5002265"]
[BlackFideId "728012"]
[EventDate "2017.01.11"]

1. Nf3 d5 2. g3 c6 3. Bg2 Bg4 4. c4 e6 5. cxd5 Bxf3 6. Bxf3 cxd5 7. O-O Nc6 8.
d4 Nf6 9. e3 Bd6 10. Qe2 O-O 11. Bd2 Rc8 12. Nc3 a6 13. Rfc1 Qe7 14. Bg2 Rc7 15.
Be1 Rfc8 16. Qd1 Nb4 17. a3 Nc6 18. Na4 Nd7 19. b4 Ncb8 20. Rxc7 Rxc7 21. Rc1
Qd8 22. Bf1 b5 23. Nc5 Nb6 24. Bd3 Nc4 25. Qb3 Ra7 26. Ra1 Nc6 27. a4 Qb8 28.
Bc3 g6 29. Ra2 Qb6 30. Qd1 Qb8 31. Qa1 Qb6 32. e4 Bf8 33. e5 Qb8 34. f4 h5 35.
axb5 axb5 36. Rxa7 Qxa7 37. Qxa7 Nxa7 38. Kf2 Nc6 39. h3 Be7 40. g4 hxg4 41.
hxg4 Kf8 42. f5 gxf5 43. gxf5 Bh4+ 44. Ke2 Ke7 45. f6+ Ke8 46. Nb7 Kd7 47. Bxc4
dxc4 48. Kf3 Nd8 49. Nc5+ Kc6 50. Ne4 Kd5 51. Ke3 Nb7 52. Bd2 Nd8 53. Nc3+ Kc6
54. Ke4 Bf2 55. Nd1 Bg1 56. Nc3 Bf2 57. Ne2 Bh4 58. Bc3 Bf2 59. Nf4 Bg3 60. Ng2
Bf2 61. Nf4 Bg3 62. Nh3 Bh2 63. Be1 Nb7 64. Ng5 Nd8 65. Nf3 1-0

[Event "PRO League Eastern 2017"]
[Site "chess.com INT"]
[Date "2017.01.11"]
[Round "1"]
[White "Gundepudi, Harisurya Bharadwaj"]
[Black "Kolosovsky, A"]
[Result "1-0"]
[WhiteElo "1531"]
[BlackElo "2074"]
[WhiteTeam "Amaravati Yodhas"]
[BlackTeam "Shymkent Nomads"]
[WhiteFideId "35040243"]
[BlackFideId "13705059"]
[EventDate "2017.01.11"]

1. e4 c5 2. f4 d5 3. exd5 Qxd5 4. Nc3 Qe6+ 5. Qe2 a6 6. Qxe6 Bxe6 7. Nf3 Nf6 8.
Na4 Nbd7 9. Ne5 b5 10. Nc3 Nxe5 11. fxe5 Nd7 12. a4 b4 13. Ne4 Bf5 14. d3 Bxe4
15. dxe4 Nxe5 16. Bf4 Ng6 17. Be3 e6 18. Bc4 Ne5 19. Be2 Bd6 20. Rd1 Ke7 21. O-O
f6 22. b3 Rhd8 23. h3 Nd7 24. Bc4 Be5 25. Kf2 Bc3 26. Ke2 e5 27. Bd5 Ra7 28. Bc6
Bd4 29. Bc1 Rc7 30. Bxd7 Rdxd7 31. Bd2 a5 32. g4 c4 33. Rc1 h6 34. Rfd1 Ke6 35.
Be1 Kf7 36. h4 Ke6 37. Bd2 Rc8 38. Be1 Rcd8 39. Rb1 Bc5 40. Rxd7 Rxd7 41. Rd1
Rd4 42. Rxd4 exd4 43. bxc4 Bd6 44. Kd3 Bc5 45. Bg3 g6 46. Bc7 f5 47. exf5+ gxf5
48. gxf5+ Kxf5 49. Bxa5 Kg4 50. Bd8 Bb6 51. Bxb6 Kxh4 52. Bxd4 Kg4 53. a5 Kf4
54. a6 1-0

[Event "PRO League Eastern 2017"]
[Site "chess.com INT"]
[Date "2017.01.11"]
[Round "1"]
[White "Gundepudi, Harisurya Bharadwaj"]
[Black "Balabaev, Timur"]
[Result "0-1"]
[BlackTitle "IM"]
[WhiteElo "1531"]
[BlackElo "2393"]
[WhiteTeam "Amaravati Yodhas"]
[BlackTeam "Shymkent Nomads"]
[WhiteFideId "35040243"]
[BlackFideId "13700847"]
[EventDate "2017.01.11"]

1. e4 c5 2. f4 Nc6 3. Nf3 g6 4. Bb5 Bg7 5. O-O Nf6 6. d3 O-O 7. Be3 Qb6 8. Na3
Ng4 9. Bc1 c4+ 10. Kh1 Nf2+ 11. Rxf2 Qxf2 12. Nxc4 Qc5 13. Bxc6 Qxc6 14. c3 b5
15. Nce5 Qb7 16. Nd4 d5 17. Qe2 dxe4 18. dxe4 Bd7 19. Nxd7 Qxd7 20. Be3 b4 21.
Rd1 bxc3 22. bxc3 Rfd8 23. Rd2 Qb7 24. Bg1 Qc7 25. Qf3 Rac8 26. Rd3 a6 27. f5
Be5 28. fxg6 hxg6 29. Qg4 Qc4 30. Rh3 Qxa2 31. Rh6 Bg7 32. Rh3 Qb1 33. Qh4 Rxd4
34. cxd4 Rc1 35. Qf2 Qxe4 36. Qd2 Qb1 37. Qf2 Rd1 38. Rh4 Bf6 39. Rg4 a5 40. h4
a4 41. d5 a3 42. Ra4 a2 43. Ra8+ Kg7 44. h5 a1=Q 45. h6+ Kh7 46. Rf8 Rxg1+ 47.
Kh2 Qe5+ 48. Kh3 Qh5+ 49. Kg3 Qh4+ 50. Kf3 Qbe4# 0-1

[Event "PRO League Eastern 2017"]
[Site "chess.com INT"]
[Date "2017.01.11"]
[Round "1"]
[White "Colovic, Aleksandar"]
[Black "Ankit, R. Rajpara"]
[Result "1-0"]
[WhiteTitle "GM"]
[BlackTitle "GM"]
[WhiteElo "2443"]
[BlackElo "2474"]
[WhiteTeam "Belgrade Sparrows"]
[BlackTeam "Odisha Express"]
[WhiteFideId "15000729"]
[BlackFideId "5023335"]
[EventDate "2017.01.11"]

1. e4 c6 2. d4 d5 3. exd5 cxd5 4. c4 e6 5. Nc3 Nf6 6. c5 b6 7. b4 a5 8. Na4 bxc5
9. bxc5 Ba6 10. Bxa6 Rxa6 11. Nf3 Be7 12. Bf4 O-O 13. Rb1 Nc6 14. O-O Ne4 15. a3
g5 16. Be3 g4 17. Ne5 Nxe5 18. dxe5 f5 19. exf6 Nxf6 20. Bd4 h5 21. Qd3 Rc6 22.
Qg6+ Kh8 23. Qxh5+ Kg8 24. Qg6+ Kh8 25. Qxg4 Rg8 26. Qh4+ Kg7 27. Rb3 Kf7 28.
Rf3 Rg6 29. Re1 Qg8 30. Rg3 Rxg3 31. hxg3 Qg6 32. Qf4 Rc8 33. Nb6 Rh8 34. Nd7
Qh5 35. f3 Qh2+ 36. Kf2 Rh4 37. Qxh4 Ne4+ 38. Rxe4 Bxh4 39. Rxh4 1-0

[Event "PRO League Eastern 2017"]
[Site "chess.com INT"]
[Date "2017.01.11"]
[Round "1"]
[White "Pon, Matt"]
[Black "Pristalov, Evgeny"]
[Result "1-0"]
[WhiteTitle "FM"]
[WhiteElo "2165"]
[BlackElo "2213"]
[WhiteTeam "Johannesburg Koeksisters"]
[BlackTeam "Gorky Stormbringers"]
[WhiteFideId "14301644"]
[BlackFideId "24128937"]
[EventDate "2017.01.11"]

1. e4 c5 2. Nf3 g6 3. g3 Nc6 4. Bg2 Bg7 5. O-O d6 6. c3 Nf6 7. Re1 O-O 8. h3 e5
9. a3 Be6 10. d3 a5 11. a4 Qc7 12. Na3 Rad8 13. Nb5 Qd7 14. Ng5 d5 15. Nxe6 Qxe6
16. Nc7 Qd6 17. Nxd5 Nxd5 18. exd5 Ne7 19. c4 Nf5 20. Bd2 b6 21. Bc3 Rde8 22.
Qe2 Qd7 23. h4 Nd6 24. Kh2 f5 25. Qd2 f4 26. Bh3 Qf7 27. Be6 Rxe6 28. dxe6 Qxe6
29. Qe2 f3 30. Qe3 Rf5 31. Rh1 Bf6 32. Kg1 h5 33. Rd1 Kf7 34. b3 Bg7 35. Re1 Qe8
36. Kh2 Bf6 37. Bxa5 bxa5 38. Qxc5 Qd7 39. Qd5+ Qe6 40. Qxa5 Rf4 41. Kg1 Rd4 42.
Qa7+ Be7 43. Qxd4 exd4 44. Rxe6 Kxe6 45. Kh2 Nb7 46. Re1+ Kd7 47. b4 Nd8 48. c5
Nc6 49. b5 Nb4 50. c6+ Kd8 51. c7+ Kxc7 52. Rxe7+ Kd6 53. Re4 Kc5 54. b6 Nc6 55.
b7 Kb6 56. Re7 Ka7 57. Rd7 Kb8 58. Kh3 Ka7 59. Rg7 Ne5 60. a5 Nxd3 61. Rd7 Nxf2+
62. Kh2 d3 63. Kg1 Ne4 64. Rxd3 f2+ 65. Kf1 Kxb7 66. Re3 Nf6 67. Re6 Ng4 68.
Rxg6 Ka7 69. Rxg4 hxg4 70. Kxf2 1-0

[Event "PRO League Eastern 2017"]
[Site "chess.com INT"]
[Date "2017.01.11"]
[Round "1"]
[White "Pon, Matt"]
[Black "Gorozhanin, Mikhail"]
[Result "0-1"]
[WhiteTitle "FM"]
[BlackTitle "FM"]
[WhiteElo "2165"]
[BlackElo "2408"]
[WhiteTeam "Johannesburg Koeksisters"]
[BlackTeam "Gorky Stormbringers"]
[WhiteFideId "14301644"]
[BlackFideId "4178262"]
[EventDate "2017.01.11"]

1. e4 e6 2. d3 d5 3. Nd2 Nf6 4. Ngf3 c5 5. g3 Nc6 6. Bg2 g6 7. O-O Bg7 8. Re1
O-O 9. Qe2 Re8 10. Nf1 b6 11. e5 Nd7 12. Bf4 Bb7 13. h4 f6 14. exf6 Qxf6 15. c3
e5 16. Bg5 Qf7 17. Qd2 Nf6 18. Bxf6 Qxf6 19. Ne3 Rad8 20. Ng4 Qf8 21. Qc2 h6 22.
Rad1 Bc8 23. Nfh2 Be6 24. Qa4 Qd6 25. Ne3 Ne7 26. Nf3 Rf8 27. Rd2 Kh7 28. h5 g5
29. Qc2 Kg8 30. Rde2 Nc6 31. c4 Rxf3 32. cxd5 Nd4 33. Qd1 Nxe2+ 34. Qxe2 Rxe3
35. fxe3 Bxd5 36. Bh3 e4 0-1

[Event "PRO League Eastern 2017"]
[Site "chess.com INT"]
[Date "2017.01.11"]
[Round "1"]
[White "Neiksans, Arturs"]
[Black "Tari, Aryan"]
[Result "1-0"]
[WhiteTitle "GM"]
[BlackTitle "GM"]
[WhiteElo "2627"]
[BlackElo "2584"]
[WhiteTeam "Riga Magicians"]
[BlackTeam "Norway Gnomes"]
[WhiteFideId "11601388"]
[BlackFideId "1510045"]
[EventDate "2017.01.11"]

1. e4 e5 2. Nf3 Nc6 3. Bc4 Nf6 4. d3 Bc5 5. c3 a6 6. Nbd2 Ba7 7. Bb3 d6 8. h3
Ne7 9. Nf1 Ng6 10. Ng3 O-O 11. O-O h6 12. d4 Re8 13. Re1 b5 14. a4 Bb7 15. Bc2
c5 16. Be3 Bb6 17. axb5 axb5 18. Rxa8 Bxa8 19. dxe5 Nxe5 20. Nxe5 dxe5 21. Qxd8
Rxd8 22. b4 Rc8 23. Nf5 Kf8 24. Nd6 Rc6 25. Ra1 Rxd6 26. Rxa8+ Rd8 27. Bxc5+ Kg8
28. Rxd8+ Bxd8 29. Bd3 Nd7 30. Bd6 1-0

[Event "PRO League Eastern 2017"]
[Site "chess.com INT"]
[Date "2017.01.11"]
[Round "1"]
[White "Neiksans, Arturs"]
[Black "Mihajlov, Sebastian"]
[Result "1/2-1/2"]
[WhiteTitle "GM"]
[BlackTitle "FM"]
[WhiteElo "2627"]
[BlackElo "2384"]
[WhiteTeam "Riga Magicians"]
[BlackTeam "Norway Gnomes"]
[WhiteFideId "11601388"]
[BlackFideId "1512110"]
[EventDate "2017.01.11"]

1. e4 e6 2. d3 d5 3. Qe2 Nc6 4. Nf3 e5 5. g3 dxe4 6. dxe4 Nf6 7. Bg2 Bc5 8. c3
a5 9. O-O O-O 10. Be3 Qe7 11. Nbd2 b6 12. Rfd1 Ba6 13. Qe1 Rad8 14. h3 Bd3 15.
a3 a4 16. Bf1 Na5 17. Bxd3 Rxd3 18. Qe2 Rfd8 19. Nf1 Rxd1 20. Rxd1 Nxe4 21. Bxc5
Nxc5 22. Qxe5 Kf8 23. Rxd8+ Qxd8 24. Ne3 f6 25. Qf5 Kg8 26. Nd4 g6 27. Qf3 Nab3
28. Qd5+ Qxd5 29. Nxd5 Nxd4 30. cxd4 Nd3 31. Nxf6+ Kf7 32. Nd5 Nxb2 33. Nxc7 Nc4
34. Nb5 Ke6 35. Kf1 Kd5 36. Ke2 Kc6 37. Nc3 b5 38. Nb1 b4 39. axb4 Kb5 40. Kd3
Kxb4 41. Nc3 Nb6 42. d5 a3 43. Kd4 Nd7 44. f4 h5 45. g4 hxg4 46. hxg4 Kb3 47. g5
Nf8 48. Kd3 Nd7 49. Kd4 Nf8 50. Kd3 Nd7 51. Kd4 Nf8 52. Kd3 1/2-1/2

[Event "PRO League Eastern 2017"]
[Site "chess.com INT"]
[Date "2017.01.11"]
[Round "1"]
[White "Tari, Aryan"]
[Black "Reimanis, Ritvars"]
[Result "1-0"]
[WhiteTitle "GM"]
[WhiteElo "2584"]
[BlackElo "2264"]
[WhiteTeam "Norway Gnomes"]
[BlackTeam "Riga Magicians"]
[WhiteFideId "1510045"]
[BlackFideId "11602988"]
[EventDate "2017.01.11"]

1. e4 c5 2. Nf3 Nc6 3. Bb5 g6 4. Bxc6 bxc6 5. O-O Bg7 6. Re1 Nh6 7. c3 f6 8. d4
cxd4 9. cxd4 d6 10. Nc3 O-O 11. h3 Nf7 12. Be3 Qa5 13. Rc1 Bd7 14. Bd2 Qh5 15.
Ne2 Ng5 16. Bxg5 fxg5 17. Ng3 Qh6 18. e5 g4 19. hxg4 Bxg4 20. Rxc6 Bxf3 21. gxf3
Qf4 22. Kg2 dxe5 23. dxe5 Kh8 24. Re4 Qg5 25. Qc1 Qxc1 26. Rxc1 Rab8 27. b3 Rb5
28. f4 g5 29. fxg5 Bxe5 30. Rh1 Kg8 31. Rg4 Bxg3 32. Rxg3 Re5 33. g6 h5 34. Re3
Rg5+ 35. Kf1 e5 36. Rh4 Rf6 37. Ra4 a6 38. Ra5 Re6 39. f4 exf4 40. Rxg5 fxe3 41.
Rxh5 Rxg6 42. Re5 Rf6+ 43. Ke1 Rf2 44. a4 Kf7 45. Rxe3 Rb2 46. Kd1 Rh2 47. Kc1
Rg2 48. Re5 Rh2 49. Ra5 Rh6 50. Kb2 Ke7 51. Rd5 Ke6 52. Rd1 Rh3 53. Ka3 a5 54.
Rd8 Rh7 55. Rb8 Ra7 56. Rb5 Kd6 57. Kb2 Kc6 58. Kc3 Ra8 59. Kc4 Kd6 60. Rb6+ Kc7
61. Kb5 Ra7 62. Ra6 Rb7+ 63. Kc4 Rb4+ 64. Kc3 Rh4 65. Rxa5 Kb6 66. Rg5 Rg4 67.
Rxg4 1-0

[Event "PRO League Eastern 2017"]
[Site "chess.com INT"]
[Date "2017.01.11"]
[Round "1"]
[White "Tari, Aryan"]
[Black "Kovalenko, Igor"]
[Result "1-0"]
[WhiteTitle "GM"]
[BlackTitle "GM"]
[WhiteElo "2584"]
[BlackElo "2684"]
[WhiteTeam "Norway Gnomes"]
[BlackTeam "Riga Magicians"]
[WhiteFideId "1510045"]
[BlackFideId "14117908"]
[EventDate "2017.01.11"]

1. e4 e6 2. d4 d5 3. Nc3 Bb4 4. e5 c5 5. a3 Bxc3+ 6. bxc3 Ne7 7. Qg4 cxd4 8.
Qxg7 Rg8 9. Qxh7 Qc7 10. Kd1 dxc3 11. Nf3 Nbc6 12. Ng5 Nxe5 13. Bf4 Qc5 14. Be3
Qc6 15. f4 Qa4 16. Be2 d4 17. fxe5 dxe3 18. Qxf7+ Kd8 19. Kc1 Rxg5 20. Rd1+ Bd7
21. Qf8+ Kc7 22. Qxe7 Rxg2 23. Rb1 Rd8 24. Rb3 Qa5 25. Qd6+ Kc8 26. Ba6 Qxa6 27.
Rxc3+ Qc6 28. Rxc6+ bxc6 29. Rd3 e2 30. Kd2 c5 31. Qxc5+ Kb7 32. Ke1 Ka8 33.
Rxd7 1-0

[Event "PRO League Eastern 2017"]
[Site "chess.com INT"]
[Date "2017.01.11"]
[Round "1"]
[White "Bagi, Mate"]
[Black "Kunte, Abhijit"]
[Result "0-1"]
[WhiteTitle "IM"]
[BlackTitle "GM"]
[WhiteElo "2443"]
[BlackElo "2491"]
[WhiteTeam "Budapest Gambit"]
[BlackTeam "Mumbai Movers"]
[WhiteFideId "742570"]
[BlackFideId "5002265"]
[EventDate "2017.01.11"]

1. e4 e5 2. Nf3 Nc6 3. Nc3 Nf6 4. Bb5 Bd6 5. a3 O-O 6. d3 Re8 7. g4 Bf8 8. g5
Nh5 9. Bxc6 dxc6 10. Nxe5 g6 11. Ng4 b5 12. Qf3 Bxg4 13. Qxg4 a5 14. O-O Bg7 15.
Bd2 Qd6 16. f4 b4 17. axb4 axb4 18. Na4 b3 19. Be3 bxc2 20. Qe2 Bd4 21. Nc3 Nxf4
22. Qd2 Rxa1 23. Rxa1 Bxe3+ 24. Qxe3 Nxd3 25. Ne2 Nb4 26. Rf1 Re7 27. Qb3 c5 28.
Qc4 Qd3 29. Qxc5 Qxe2 30. Qxe7 Qxf1+ 31. Kxf1 c1=Q+ 32. Kg2 Qxb2+ 33. Kh3 Qd4
34. Qxc7 Nd3 35. Qc2 Qxe4 36. Qc8+ Kg7 37. Qc3+ Ne5 0-1

[Event "PRO League Eastern 2017"]
[Site "chess.com INT"]
[Date "2017.01.11"]
[Round "1"]
[White "Bagi, Mate"]
[Black "Kulkarni, Vikramaditya"]
[Result "1-0"]
[WhiteTitle "IM"]
[BlackTitle "IM"]
[WhiteElo "2443"]
[BlackElo "2285"]
[WhiteTeam "Budapest Gambit"]
[BlackTeam "Mumbai Movers"]
[WhiteFideId "742570"]
[BlackFideId "5009847"]
[EventDate "2017.01.11"]

1. e4 e6 2. d3 d5 3. Qe2 Nf6 4. g3 Nc6 5. Nf3 dxe4 6. dxe4 e5 7. Bg2 Bc5 8. c3
a5 9. O-O O-O 10. Na3 Bxa3 11. bxa3 a4 12. Nh4 b6 13. Rd1 Qe8 14. Bg5 Nd7 15.
Nf5 Nc5 16. Rd2 f6 17. Be3 Ne6 18. Rad1 g6 19. Nh6+ Kh8 20. Qc4 Ba6 21. Qxa4 Be2
22. Qxa8 Qxa8 23. Rxe2 Qxa3 24. Rd7 Ncd8 25. Rc2 Re8 26. Bh3 Qa4 27. Rcd2 Nd4
28. cxd4 Qb4 29. dxe5 Qb1+ 30. Rd1 Qxe4 31. Rxd8 Qa4 32. exf6 1-0

[Event "PRO League Eastern 2017"]
[Site "chess.com INT"]
[Date "2017.01.11"]
[Round "1"]
[White "Jeran, Bostjan"]
[Black "Gupta, Abhijeet"]
[Result "0-1"]
[BlackTitle "GM"]
[WhiteElo "2236"]
[BlackElo "2645"]
[WhiteTeam "Ljubljana Direwolves"]
[BlackTeam "Delhi Dynamite"]
[WhiteFideId "14604612"]
[BlackFideId "5010608"]
[EventDate "2017.01.11"]

1. d4 Nf6 2. c4 g6 3. f3 c5 4. d5 e6 5. Nc3 d6 6. e4 Bg7 7. Nge2 a6 8. a4 exd5
9. cxd5 Nh5 10. Be3 Nd7 11. Qd2 Ne5 12. Ng3 Nxg3 13. hxg3 h5 14. a5 b5 15. axb6
Qxb6 16. Be2 Rb8 17. Ra2 Qb4 18. O-O O-O 19. Rfa1 Nc4 20. Bxc4 Qxc4 21. Ra4 Qb3
22. R1a2 Re8 23. Kh2 Rb4 24. R4a3 Qc4 25. Bf4 Rd8 26. Nd1 Qb5 27. Nc3 Qf1 28.
Ra1 Qc4 29. Rc1 Qd4 30. Rc2 Qxd2 31. Bxd2 Rd7 32. Ne2 Rxb2 33. Rxb2 Bxb2 34. Rb3
Rb7 35. Rxb7 Bxb7 36. Ba5 Kf8 37. Nc3 Ke7 38. Kg1 Bc8 39. Kf2 Bd7 40. Ke3 Bc1+
41. Kd3 Bb5+ 42. Kc2 Be3 43. f4 Bf1 44. e5 Bxg2 45. Bc7 dxe5 46. fxe5 Kd7 47.
Bb6 Bd4 48. Na4 Bxd5 49. Nxc5+ Kc6 50. Nxa6 Kxb6 0-1

[Event "PRO League Eastern 2017"]
[Site "chess.com INT"]
[Date "2017.01.11"]
[Round "1"]
[White "Jeran, Bostjan"]
[Black "Bakre, Tejas"]
[Result "0-1"]
[BlackTitle "GM"]
[WhiteElo "2236"]
[BlackElo "2457"]
[WhiteTeam "Ljubljana Direwolves"]
[BlackTeam "Delhi Dynamite"]
[WhiteFideId "14604612"]
[BlackFideId "5004195"]
[EventDate "2017.01.11"]

1. Nf3 c5 2. c4 Nc6 3. Nc3 Nf6 4. g3 d6 5. Bg2 g6 6. O-O Bg7 7. a3 O-O 8. Rb1 a5
9. d3 Bd7 10. Bd2 Ne8 11. Qc1 Nc7 12. Bh6 Rb8 13. Nd5 b5 14. Nxc7 Qxc7 15. Bxg7
Kxg7 16. cxb5 Rxb5 17. Qc3+ e5 18. Nd2 Rfb8 19. e3 Be6 20. b3 f6 21. a4 Rb4 22.
Rb2 Ne7 23. Rfb1 Nd5 24. Qc2 h5 25. h4 Ne7 26. Ne4 Qb6 27. Nd2 d5 28. Rc1 c4 29.
dxc4 dxc4 30. Ne4 Rxb3 31. Ra2 Rb1 32. Nc3 Rxc1+ 33. Qxc1 Qb3 34. Ra3 Qb2 35.
Qxb2 Rxb2 36. Bf1 f5 37. Nb5 Rb4 38. Nd6 Nc8 39. Ne8+ Kf7 40. Nc7 Nb6 41. Na6
Rxa4 42. Rc3 Ra1 43. f3 Nd5 0-1